| 000 | 00472nam a22001817a 4500 | ||
|---|---|---|---|
| 942 | _cBK | ||
| 999 |
_c488 _d488 |
||
| 005 | 20250420134812.0 | ||
| 008 | 200723b ||||| |||| 00| 0 eng d | ||
| 020 | _a9780071289306 | ||
| 040 | _cKCST | ||
| 082 |
_a621.317 _bHa Po |
||
| 100 |
_aHart, Daniel W. _94680 |
||
| 245 |
_a Introduction to power electronics / _cDaniel W. Hart |
||
| 260 |
_aNew York: _bMc-Graw-Hill; _c2011. |
||
| 300 | _a477 p. | ||
| 650 |
_aPower electronics. _9589 |
||
| 942 | _2ddc | ||